[Event "European School-ch 2019"]
[Site "Mamaia"]
[Date "2019.06.03"]
[Round "4.51"]
[White "Mamardashvili, Ana"]
[Black "Kapicakova, Lucia"]
[Result "1/2-1/2"]
[WhiteElo "1415"]
[BlackElo "1776"]
[Annotator "NA RC"]
[PlyCount "96"]
[EventDate "2019.05.31"]
[EventType "swiss"]
[EventCountry "ROU"]
[SourceTitle "playchess.com"]
[Source "ChessBase"]
[SourceQuality "1"]
[TimeControl "40/5400+30:1800+30"]

1. e4 {[%emt 0:00:00]} c6 {[%emt 0:00:00]} 2. d4 {[%emt 0:00:00]} d5 {[%emt 0:00:00]} 3. Nc3 {[%emt 0:00:00]} dxe4 {[%emt 0:00:00]} 4. Nxe4 {[%emt 0:00:00]} Nd7 {[%emt 0:00:00]} 5. Nf3 {[%emt 0:00:00]} Ngf6 {[%emt 0:00:00]} 6. Ng3 {[%emt 0:00:08]} g6 {[%emt 0:00:14]} 7. Bd3 {[%emt 0:03:40]} Bg7 {[%emt 0:00:44]} 8. Qe2 {[%emt 0:04:32]} Nb6 {[%emt 0:03:50]} 9. h3 {[%emt 0:07:12]} Qc7 {[%emt 0:06:32]} 10. c4 {[%emt 0:05:48]} O-O {[%emt 0:08:27]} 11. O-O {[%emt 0:00:38]} Re8 {[%emt 0:08:48]} 12. Be3 {[%emt 0:07:05]} Nbd7 {[%emt 0:03:10]} 13. Qd2 {[%emt 0:08:34]} e5 {[%emt 0:13:31]} 14. Nxe5 {[%emt 0:03:35]} Nxe5 {[%emt 0:01:13]} 15. dxe5 {[%emt 0:01:46]} Qxe5 {[%emt 0:00:28]} 16. b3 {[%emt 0:09:20]} Qe7 {[%emt 0:04:51]} 17. Rad1 {[%emt 0:04:50]} Be6 {[%emt 0:03:13]} 18. Rfe1 {[%emt 0:03:08]} Nd7 {[%emt 0:09:29]} 19. Bf4 {[%emt 0:07:25]} Rad8 {[%emt 0:04:59]} 20. Qc1 {[%emt 0:07:03]} Nc5 {[%emt 0:05:10]} 21. Bb1 {[%emt 0:00:41]} a5 {[%emt 0:02:36]} 22. Rxd8 {[%emt 0:07:02]} Rxd8 {[%emt 0:00:13]} 23. Rd1 {[%emt 0:00:34]} f5 {[%emt 0:04:30]} 24. Rxd8+ {[%emt 0:06:38]} Qxd8 {[%emt 0:00:07]} 25. Qd2 {[%emt 0:00:28]} Qxd2 {[%emt 0:02:29]} 26. Bxd2 {[%emt 0:00:02]} b6 {[%emt 0:03:09]} 27. Bf4 {[%emt 0:02:25]} b5 {[%emt 0:04:47]} 28. cxb5 {[%emt 0:05:51]} cxb5 {[%emt 0:00:14]} 29. Bc2 {[%emt 0:03:13]} a4 {[%emt 0:03:24]} 30. bxa4 {[%emt 0:00:40]} bxa4 {[%emt 0:00:15]} 31. Be3 {[%emt 0:01:08]} Bf8 {[%emt 0:03:13]} 32. Bxc5 {[%emt 0:00:35]} Bxc5 {[%emt 0:00:05]} 33. Bxa4 {[%emt 0:00:07]} Bxa2 {[%emt 0:00:14]} 34. Ne2 {[%emt 0:00:51]} Kf7 {[%emt 0:01:03]} 35. g3 {[%emt 0:00:54]} Kf6 {[%emt 0:01:50]} 36. h4 {[%emt 0:01:01]} Ke5 {[%emt 0:01:24]} 37. Bc6 {[%emt 0:00:30]} Bc4 {[%emt 0:01:32]} 38. Nf4 {[%emt 0:00:25]} Bd6 {[%emt 0:01:18]} 39. Bb7 {[%emt 0:00:49]} Kd4 {[%emt 0:00:53]} 40. Ng2 {[%emt 0:00:00]} h6 {[%emt 0:00:00]} 41. Bc6 {[%emt 0:08:06]} Bf7 {[%emt 0:06:55]} 42. Kf1 {[%emt 0:03:46]} g5 {[%emt 0:05:32]} 43. hxg5 {[%emt 0:00:51]} hxg5 {[%emt 0:00:09]} 44. f4 {[%emt 0:06:31]} gxf4 {[%emt 0:08:47]} 45. Nxf4 {[%emt 0:01:28]} Bxf4 {[%emt 0:06:44]} 46. gxf4 {[%emt 0:00:03]} Ke3 {[%emt 0:00:14]} 47. Bd7 {[%emt 0:00:11]} Kxf4 {[%emt 0:00:29]} 48. Bxf5 {[%emt 0:00:04]} Ke5 1/2-1/2

[Event "European School-ch 2019"]
[Site "Mamaia"]
[Date "2019.06.03"]
[Round "4.52"]
[White "Ignacio Lopez, Anahi"]
[Black "Puia, Alexia-Teodora"]
[Result "0-1"]
[WhiteElo "1362"]
[BlackElo "1543"]
[Annotator "NA"]
[PlyCount "72"]
[EventDate "2019.05.31"]
[EventType "swiss"]
[EventCountry "ROU"]
[SourceTitle "playchess.com"]
[Source "ChessBase"]
[SourceQuality "1"]
[TimeControl "40/5400+30:1800+30"]

1. e4 {[%emt 0:00:00]} c5 {[%emt 0:00:00]} 2. c3 {[%emt 0:00:06]} Nf6 {[%emt 0:00:00]} 3. e5 {[%emt 0:00:56]} Nd5 {[%emt 0:00:00]} 4. Nf3 {[%emt 0:01:15]} d6 {[%emt 0:01:10]} 5. d4 {[%emt 0:00:57]} cxd4 {[%emt 0:00:15]} 6. cxd4 {[%emt 0:03:13]} e6 {[%emt 0:00:35]} 7. Bc4 {[%emt 0:02:29]} Nc6 {[%emt 0:01:03]} 8. Bxd5 {[%emt 0:03:26]} exd5 {[%emt 0:00:31]} 9. Nc3 {[%emt 0:00:43]} dxe5 {[%emt 0:05:51]} 10. dxe5 {[%emt 0:00:36]} Bb4 {[%emt 0:04:39]} 11. O-O {[%emt 0:02:14]} Bxc3 {[%emt 0:01:33]} 12. bxc3 {[%emt 0:00:21]} O-O {[%emt 0:06:05]} 13. Ba3 {[%emt 0:06:53]} Re8 {[%emt 0:00:14]} 14. Bd6 {[%emt 0:00:37]} Be6 {[%emt 0:07:57]} 15. Rb1 {[%emt 0:02:53]} b6 {[%emt 0:01:16]} 16. Qa4 {[%emt 0:06:46]} Na5 {[%emt 0:03:37]} 17. Qf4 {[%emt 0:08:01]} Nc4 {[%emt 0:04:41]} 18. Bb4 {[%emt 0:02:07]} a5 {[%emt 0:01:55]} 19. Bd6 {[%emt 0:01:01]} Nxd6 {[%emt 0:00:23]} 20. exd6 {[%emt 0:00:06]} Rc8 {[%emt 0:00:13]} 21. Qd4 {[%emt 0:01:57]} Rc6 {[%emt 0:00:54]} 22. Rb5 {[%emt 0:01:20]} Rxd6 {[%emt 0:05:16]} 23. h3 {[%emt 0:01:08]} Bf5 {[%emt 0:05:57]} 24. Rd1 {[%emt 0:01:54]} Bc2 {[%emt 0:08:30]} 25. Rd2 {[%emt 0:01:48]} Re4 {[%emt 0:00:35]} 26. Qxd5 {[%emt 0:02:28]} Rxd5 {[%emt 0:01:12]} 27. Rbxd5 {[%emt 0:00:10]} Qf8 {[%emt 0:01:05]} 28. Rxc2 {[%emt 0:01:57]} h6 {[%emt 0:03:56]} 29. g3 {[%emt 0:03:45]} Qc8 {[%emt 0:03:21]} 30. Kg2 {[%emt 0:01:35]} Kh7 {[%emt 0:01:45]} 31. Kh2 {[%emt 0:02:14]} Rc4 {[%emt 0:01:04]} 32. Rd3 {[%emt 0:00:41]} b5 {[%emt 0:00:48]} 33. Nd4 {[%emt 0:05:15]} b4 {[%emt 0:00:46]} 34. Ne2 {[%emt 0:03:27]} Qf5 {[%emt 0:00:43]} 35. Rdd2 {[%emt 0:04:40]} Qxf2+ {[%emt 0:00:46]} 36. Kh1 {[%emt 0:00:14]} bxc3 {[%emt 0:00:46]} 0-1

[Event "European School-ch 2019"]
[Site "Mamaia"]
[Date "2019.06.03"]
[Round "4.53"]
[White "Obada, Ema"]
[Black "Zyapaeva, Polina"]
[Result "1/2-1/2"]
[WhiteElo "1889"]
[BlackElo "1806"]
[Annotator "NA"]
[PlyCount "71"]
[EventDate "2019.05.31"]
[EventType "swiss"]
[EventCountry "ROU"]
[SourceTitle "playchess.com"]
[Source "ChessBase"]
[SourceQuality "1"]
[TimeControl "40/5400+30:1800+30"]

1. e4 {[%emt 0:00:00]} c5 {[%emt 0:00:00]} 2. Nf3 {[%emt 0:00:00]} e6 {[%emt 0:00:00]} 3. d4 {[%emt 0:00:00]} cxd4 {[%emt 0:00:00]} 4. Nxd4 {[%emt 0:00:00]} a6 {[%emt 0:00:00]} 5. Nc3 {[%emt 0:00:00]} Qc7 {[%emt 0:00:21]} 6. Bd3 {[%emt 0:00:13]} b5 {[%emt 0:03:49]} 7. a3 {[%emt 0:00:28]} Bb7 {[%emt 0:00:46]} 8. O-O {[%emt 0:01:05]} Nf6 {[%emt 0:01:34]} 9. Qe2 {[%emt 0:04:46]} Nc6 {[%emt 0:09:07]} 10. Nxc6 {[%emt 0:03:56]} Qxc6 $11 {[%emt 0:04:57]} 11. Kh1 {[%emt 0:04:24]} b4 {[%emt 0:15:49]} 12. axb4 {[%emt 0:01:44]} Bxb4 {[%emt 0:00:05]} 13. Ra4 {[%emt 0:07:40]} a5 {[%emt 0:06:30]} 14. Bg5 {[%emt 0:14:34]} O-O {[%emt 0:22:46]} 15. Bxf6 {[%emt 0:05:30]} gxf6 {[%emt 0:00:08]} 16. Nb5 {[%emt 0:00:43]} Kh8 {[%emt 0:02:31]} 17. c3 {[%emt 0:00:35]} Be7 {[%emt 0:01:28]} 18. Rfa1 {[%emt 0:00:30]} Bd8 {[%emt 0:01:48]} 19. Qh5 {[%emt 0:09:57]} Rg8 {[%emt 0:13:06]} 20. Rd4 {[%emt 0:16:43]} Rg6 {[%emt 0:03:41]} 21. Nd6 {[%emt 0:04:36]} Kg8 {[%emt 0:00:15]} 22. Bb5 {[%emt 0:00:50]} Qb6 {[%emt 0:02:22]} 23. Nxf7 {[%emt 0:02:03]} d5 {[%emt 0:01:08]} 24. Be8 {[%emt 0:06:26]} Qxb2 {[%emt 0:00:49]} 25. Rg1 {[%emt 0:00:05]} Bb6 {[%emt 0:01:58]} 26. Nh6+ Kg7 {[%emt 0:00:45]} 27. Bxg6 {[%emt 0:04:15]} hxg6 {[%emt 0:00:10]} 28. Qh3 {[%emt 0:00:32]} Bxd4 {[%emt 0:00:36]} 29. cxd4 {[%emt 0:00:33]} Rh8 {[%emt 0:01:01]} 30. e5 {[%emt 0:00:03]} fxe5 {[%emt 0:01:37]} 31. Qxe6 {[%emt 0:00:45]} Kxh6 {[%emt 0:00:50]} 32. Qh3+ {[%emt 0:00:16]} Kg7 {[%emt 0:00:06]} 33. Qd7+ {[%emt 0:00:03]} Kh6 {[%emt 0:00:05]} 34. Qh3+ {[%emt 0:00:05]} Kg7 {[%emt 0:00:04]} 35. Qd7+ {[%emt 0:00:04]} Kh6 {[%emt 0:00:23]} 36. Qh3+ {[%emt 0:00:06]} 1/2-1/2

[Event "European School-ch 2019"]
[Site "Mamaia"]
[Date "2019.06.03"]
[Round "4.54"]
[White "Bubeeva, Larisa"]
[Black "Ruzic, Pia Marie"]
[Result "0-1"]
[WhiteElo "1548"]
[BlackElo "1917"]
[Annotator "NA"]
[PlyCount "60"]
[EventDate "2019.05.31"]
[EventType "swiss"]
[EventCountry "ROU"]
[SourceTitle "playchess.com"]
[Source "ChessBase"]
[SourceQuality "1"]
[TimeControl "40/5400+30:1800+30"]

1. d4 {[%emt 0:00:00]} Nf6 {[%emt 0:00:00]} 2. Bf4 {[%emt 0:00:00]} g6 {[%emt 0:00:00]} 3. Nc3 {[%emt 0:00:00]} Bg7 {[%emt 0:00:00]} 4. e4 {[%emt 0:00:00]} d6 {[%emt 0:00:19]} 5. Qd2 {[%emt 0:00:05]} O-O {[%emt 0:00:59]} 6. O-O-O {[%emt 0:00:18]} c6 {[%emt 0:01:25]} 7. Bd3 {[%emt 0:06:23]} Qc7 {[%emt 0:06:41]} 8. Bh6 $14 {[%emt 0:16:07]} e5 {[%emt 0:02:27]} 9. Bxg7 {[%emt 0:10:03]} Kxg7 {[%emt 0:00:07]} 10. dxe5 {[%emt 0:02:48]} dxe5 {[%emt 0:00:07]} 11. f3 {[%emt 0:00:21]} b5 {[%emt 0:10:26]} 12. g4 {[%emt 0:02:00]} a5 {[%emt 0:02:52]} 13. h4 {[%emt 0:02:33]} a4 {[%emt 0:03:08]} 14. h5 {[%emt 0:06:23]} Be6 {[%emt 0:05:50]} 15. hxg6 {[%emt 0:11:12]} fxg6 {[%emt 0:00:06]} 16. Nh3 {[%emt 0:13:00]} Na6 {[%emt 0:08:56]} 17. Ng5 {[%emt 0:02:18]} Bg8 {[%emt 0:00:07]} 18. Qe3 {[%emt 0:02:57]} Qa7 {[%emt 0:04:26]} 19. Qd2 {[%emt 0:09:37]} Nb4 {[%emt 0:04:37]} 20. Kb1 {[%emt 0:01:04]} Nxd3 {[%emt 0:02:33]} 21. Qxd3 {[%emt 0:00:39]} b4 {[%emt 0:09:39]} 22. Qd6 {[%emt 0:08:25]} bxc3 {[%emt 0:07:45]} 23. Qxe5 {[%emt 0:00:10]} h6 {[%emt 0:00:41]} 24. Ne6+ {[%emt 0:00:24]} Bxe6 {[%emt 0:00:09]} 25. Qxe6 {[%emt 0:00:05]} Qb7 {[%emt 0:01:41]} 26. b3 {[%emt 0:00:38]} axb3 {[%emt 0:00:18]} 27. cxb3 {[%emt 0:01:32]} c2+ {[%emt 0:02:28]} 28. Kxc2 {[%emt 0:01:42]} Rxa2+ {[%emt 0:00:04]} 29. Kb1 {[%emt 0:01:07]} Qa7 {[%emt 0:07:28]} 30. Rhf1 {[%emt 0:00:47]} Qa3 {[%emt 0:02:46]} 0-1

[Event "European School-ch 2019"]
[Site "Mamaia"]
[Date "2019.06.03"]
[Round "4.55"]
[White "Babayeva, Nasrin"]
[Black "Vorobyova, Ekaterina"]
[Result "0-1"]
[WhiteElo "1451"]
[BlackElo "1795"]
[Annotator "NA"]
[PlyCount "68"]
[EventDate "2019.05.31"]
[EventType "swiss"]
[EventCountry "ROU"]
[SourceTitle "playchess.com"]
[Source "ChessBase"]
[SourceQuality "1"]
[TimeControl "40/5400+30:1800+30"]

1. c4 {[%emt 0:00:00]} e5 {[%emt 0:00:00]} 2. g3 {[%emt 0:00:00]} Nf6 {[%emt 0:00:00]} 3. Bg2 {[%emt 0:00:00]} c6 {[%emt 0:00:49]} 4. Nf3 {[%emt 0:00:01]} Qc7 {[%emt 0:00:36]} 5. O-O {[%emt 0:01:36]} Be7 {[%emt 0:01:50]} 6. Nc3 {[%emt 0:01:33]} O-O {[%emt 0:01:57]} 7. e3 {[%emt 0:01:39]} d5 {[%emt 0:04:37]} 8. cxd5 {[%emt 0:01:43]} cxd5 {[%emt 0:00:06]} 9. d4 {[%emt 0:02:24]} e4 {[%emt 0:01:36]} 10. Ne1 {[%emt 0:00:22]} b6 {[%emt 0:12:32]} 11. f3 {[%emt 0:01:38]} Bb7 {[%emt 0:01:14]} 12. Qc2 {[%emt 0:01:49]} exf3 {[%emt 0:05:22]} 13. Bxf3 {[%emt 0:02:59]} Na6 {[%emt 0:02:35]} 14. a3 {[%emt 0:00:56]} Rac8 {[%emt 0:00:55]} 15. Qg2 {[%emt 0:02:12]} Qc4 {[%emt 0:07:59]} 16. Bd2 {[%emt 0:03:11]} Nc7 {[%emt 0:15:28]} 17. Rc1 {[%emt 0:00:47]} Qa6 {[%emt 0:00:28]} 18. Be2 {[%emt 0:00:44]} b5 {[%emt 0:01:15]} 19. Nd3 {[%emt 0:03:24]} Ne4 {[%emt 0:03:45]} 20. Nxe4 {[%emt 0:00:35]} dxe4 {[%emt 0:00:06]} 21. Nc5 {[%emt 0:02:55]} Bxc5 {[%emt 0:03:39]} 22. Rxc5 {[%emt 0:00:10]} Qg6 {[%emt 0:13:12]} 23. Rfc1 {[%emt 0:02:19]} Ne6 {[%emt 0:01:10]} 24. Rxc8 {[%emt 0:02:07]} Rxc8 {[%emt 0:04:19]} 25. Rxc8+ {[%emt 0:03:20]} Bxc8 {[%emt 0:00:04]} 26. Bxb5 {[%emt 0:15:48]} Ng5 {[%emt 0:00:29]} 27. Bc3 {[%emt 0:01:17]} Nh3+ {[%emt 0:05:16]} 28. Kh1 {[%emt 0:03:36]} Qg5 {[%emt 0:00:39]} 29. Qf1 {[%emt 0:11:57]} Qxe3 {[%emt 0:01:29]} 30. Bc4 {[%emt 0:04:14]} Nf2+ {[%emt 0:03:06]} 31. Kg1 {[%emt 0:00:09]} Nh3+ {[%emt 0:00:08]} 32. Kh1 {[%emt 0:00:12]} Qf3+ {[%emt 0:05:07]} 33. Qxf3 {[%emt 0:00:20]} exf3 {[%emt 0:00:05]} 34. d5 {[%emt 0:07:22]} Bf5 {[%emt 0:00:12]} 0-1

[Event "European School-ch 2019"]
[Site "Mamaia"]
[Date "2019.06.04"]
[Round "5.1"]
[White "Schitco, Ivan"]
[Black "Stoleriu, George"]
[Result "1/2-1/2"]
[WhiteElo "2458"]
[BlackElo "2372"]
[Annotator "TA"]
[PlyCount "62"]
[EventDate "2019.05.31"]
[EventType "swiss"]
[EventCountry "ROU"]
[SourceTitle "playchess.com"]
[Source "ChessBase"]
[SourceQuality "1"]

{[%evp 9,62,26,21,20,39,33,37,39,41,27,43,33,37,37,50,40,67,52,93,94,107,95,116,102,205,207,191,185,204,200,195,197,199,187,202,68,70,76,98,106,107,77,117,11,16,24,33,0,0,0,0,0,0,-18,-32]} 1. d4 e6 2. c4 Nf6 3. g3 Bb4+ 4. Bd2 Qe7 5. Bg2 Bxd2+ 6. Qxd2 {E00: Catalan Bogo-Indian (3 g3 Bb4+)} d6 7. e3 (7. Nc3 O-O 8. e4 e5 9. Nge2 c5 10. d5 Na6 11. O-O Nc7 12. a3 a6 13. b4 Nd7 {½-½ (66) Laznicka,V (2667)-Socko,B (2614) Czechia 2015}) 7... O-O 8. Nc3 {White is slightly better.} c6 9. Nge2 e5 10. h3 Be6 11. b3 $146 ({Predecessor:} 11. d5 cxd5 12. Nxd5 Bxd5 13. Bxd5 Nxd5 14. Qxd5 Na6 15. O-O Nc7 {1-0 (54) De la Rosa,B-Pes Mateo,A (2205) San Jose 1997}) 11... Na6 12. O-O Rab8 13. f4 Rfd8 14. g4 h6 15. Ng3 Bd7 16. Rf2 b5 (16... Nc7 $16) 17. cxb5 $18 cxb5 {[#]} 18. g5 $1 {[%cal Rg5f6]} hxg5 19. fxg5 Nh7 {[#]} 20. h4 $1 Nc7 21. Raf1 Rf8 22. Nf5 (22. Qd3 $18) 22... Bxf5 $1 $14 23. Rxf5 {Nd5 is the strong threat.} g6 24. R5f2 {aiming for Nd5.} f6 25. dxe5 dxe5 26. Nd5 ({White should try} 26. h5 $16) 26... Nxd5 $11 27. Bxd5+ Kh8 28. e4 {Strongly threatening gxf6.} fxg5 {The position is equal.} 29. Rf7 Rxf7 30. Rxf7 Qc5+ 31. Kg2 Rf8 {Accuracy: White = 57%, Black = 45%.} 1/2-1/2

[Event "European School-ch 2019"]
[Site "Mamaia"]
[Date "2019.06.04"]
[Round "5.2"]
[White "Gayun, Dmytro"]
[Black "Mammadov, Sadig"]
[Result "1/2-1/2"]
[WhiteElo "2271"]
[BlackElo "2208"]
[Annotator "TA"]
[PlyCount "64"]
[EventDate "2019.05.31"]
[EventType "swiss"]
[EventCountry "ROU"]
[SourceTitle "playchess.com"]
[Source "ChessBase"]
[SourceQuality "1"]

{[%evp 13,64,49,60,58,52,31,29,25,25,18,18,14,5,37,33,0,-6,0,0,7,0,0,0,-67,-67,-67,-75,-74,-62,-84,-79,-84,-55,-183,-129,-191,-60,-74,0,0,0,0,0,-24,-8,-8,-8,-8,-8,-8,29996,-1150,0]} 1. d4 Nf6 2. c4 g6 3. Nc3 Bg7 4. e4 d6 5. Be2 O-O 6. Be3 e5 7. d5 c6 8. g4 {E73: King's Indian: Averbakh Variation without 6...c5} (8. Nf3 cxd5 9. cxd5 Nh5 10. Nd2 Nf4 11. Bf1 Na6 12. g3 Nh5 13. Be2 Bd7 14. a3 Nf6 15. g4 Ne8 16. h4 f5 17. gxf5 gxf5 18. exf5 Bxf5 {1-0 (32) Peralta,F (2556)-Lavrov,M (2384) Barcelona 2018}) 8... Qa5 9. f3 b5 10. g5 {White has an edge.} Nh5 $1 11. cxb5 c5 $146 ({Predecessor:} 11... cxb5 12. Bxb5 Ba6 13. Qa4 Qxa4 14. Bxa4 Nf4 {1-0 (47) Uddenfeldt,D (2412)-Fransson,P (2345) Sweden 2009}) 12. Qa4 Qd8 13. h4 a6 14. b4 Nf4 15. Rh2 cxb4 16. Qxb4 {next b6 is good for White.} axb5 17. Nxb5 Ba6 18. Qxd6 (18. Rb1 $11) 18... Qxd6 $15 ({Much weaker is} 18... Nxe2 $6 19. Qxd8 Rxd8 20. Nc7 $14) 19. Nxd6 Nxe2 20. Nxe2 {[#] Threatens to win with Nc3.} Rd8 $1 21. Nxf7 Kxf7 22. Rc1 Bf8 23. f4 ({White should try} 23. h5 $15) 23... Bb4+ (23... Nd7 $19 24. Rc7 Kg8) 24. Kd1 (24. Bd2 $17 {was worth a try.} Bxd2+ 25. Kxd2 Bxe2 26. Rxe2 exf4 27. Ke1) 24... Bb5 (24... Nd7 $19 {Strongly threatening ...Bd3.} 25. Bd2 Bxd2 26. Kxd2 Bxe2 27. Rxe2 exf4) 25. Nc3 $1 {[%cal Rc3b5]} Bxc3 (25... exf4 $17 {Hoping for ...Bxc3.} 26. Bb6 {[#]} Bxc3 $1 {[%mdl 512]} 27. Bxd8 Bd4) 26. Rxc3 $11 Nd7 27. fxe5 Nxe5 {...Ra4 is the strong threat.} 28. Bd4 Nc4 {White must now prevent ...Re8.} 29. h5 gxh5 30. Rxh5 Kg6 31. Rch3 {And now Rh6+ would win.} Re8 $2 {[%mdl 8192]} (31... Bd7 $11 32. Rh6+ Kxg5 33. Bf6+ Kf4 34. R3h4+ Bg4+ 35. Rxg4+ Kxg4 36. Bxd8 Rxd8) 32. Rc3 $4 {[%mdl 8192]} (32. Rh6+ {is the narrow road to win.} Kf7 33. Rxh7+ Kg8 34. Rg7+ Kf8 35. Rh8#) 32... Red8 $2 {Accuracy: White = 42%, Black = 58%.} (32... Kxh5 $19 33. Rh3+ Kxg5) 1/2-1/2

[Event "European School-ch 2019"]
[Site "Mamaia"]
[Date "2019.06.04"]
[Round "5.3"]
[White "Bulau, Andrei-Cristian"]
[Black "Paraschiv, Paul-Alexandru"]
[Result "1/2-1/2"]
[WhiteElo "2244"]
[BlackElo "2055"]
[Annotator "TA"]
[PlyCount "62"]
[EventDate "2019.05.31"]
[EventType "swiss"]
[EventCountry "ROU"]
[SourceTitle "playchess.com"]
[Source "ChessBase"]
[SourceQuality "1"]

{[%evp 16,62,0,0,27,13,14,12,20,8,15,5,11,14,38,0,0,0,0,0,0,0,0,-10,-5,-9,-15,-9,2,2,34,30,116,0,1,0,6,0,0,0,0,0,7,0,0,-6,0,-5,0]} 1. d4 Nf6 2. c4 e6 3. Nc3 Bb4 4. Qc2 O-O 5. Nf3 c5 6. dxc5 Na6 {[%cal Bb8a6,Ba6c5,Bc5e4][%mdl 32]} 7. g3 Nxc5 8. Bg2 Nce4 9. O-O Nxc3 {E39: Nimzo-Indian: Classical: 4...c5 5 dxc5 0-0} 10. bxc3 Bc5 (10... Be7 11. e4 d6 12. e5 dxe5 13. Nxe5 Qc7 14. Qe2 Nd7 15. Bf4 Nxe5 16. Bxe5 Bd6 17. Rfe1 Rb8 18. Rad1 Bxe5 19. Qxe5 Qxe5 20. Rxe5 b6 21. c5 Ba6 22. c6 {½-½ (43) Nakamura,H (2781)-Caruana,F (2799) London 2017}) 11. e4 d6 12. e5 dxe5 13. Nxe5 Qc7 14. Qe2 Nd7 15. Re1 $146 ({Predecessor:} 15. Bf4 Nxe5 16. Bxe5 Bd6 17. Rfe1 Bxe5 18. Qxe5 Qxc4 19. a4 f6 20. Qd6 a5 21. Red1 Kf7 22. Rab1 Ra7 23. Qb8 {1-0 (23) O'Donnell,C (2389)-Wall,G (2329) Ennis 2017}) 15... Nxe5 16. Qxe5 Bd6 17. Qe4 Rb8 18. Rd1 $36 {[%mdl 2048] [#] Black must now prevent Rxd6! White is pushing.} e5 19. Be3 b6 20. Qc6 Qxc6 21. Bxc6 Be7 22. a4 Be6 (22... Bb7 $5 {[%cal Rb7c6]} 23. Bd5 Rfc8 $11) 23. Bd5 Rfc8 (23... Bxd5 $11 {remains equal.} 24. cxd5 Bd6) 24. a5 (24. Bxe6 $16 fxe6 25. Rd7) 24... Bxd5 $11 {The position is equal.} 25. cxd5 Bd6 26. axb6 axb6 27. Ra6 Rxc3 28. Bxb6 Kf8 29. Be3 Ke7 30. Rda1 Kd7 31. Bb6 Bc7 {Accuracy: White = 52%, Black = 49%.} 1/2-1/2

[Event "European School-ch 2019"]
[Site "Mamaia"]
[Date "2019.06.04"]
[Round "5.4"]
[White "Celik, Eylul"]
[Black "David, Bogdan-Emanuel"]
[Result "1-0"]
[WhiteElo "1841"]
[BlackElo "2162"]
[Annotator "TA"]
[PlyCount "69"]
[EventDate "2019.05.31"]
[EventType "swiss"]
[EventCountry "ROU"]
[SourceTitle "playchess.com"]
[Source "ChessBase"]
[SourceQuality "1"]

{[%evp 18,69,16,7,30,36,53,52,59,42,37,7,22,17,17,0,1,1,12,16,39,39,64,63,89,75,78,42,54,54,46,34,35,43,69,50,87,93,89,74,81,98,77,66,85,80,132,119,175,138,242,239,1330,1317]} 1. d4 d6 2. c4 e5 3. e3 Nd7 4. Nc3 g6 5. g3 Bg7 6. Bg2 Ngf6 7. Nge2 O-O 8. O-O Re8 9. Qc2 c6 10. b3 Qc7 {E61: King's Indian: Early deviations for White, including Smyslov System} (10... Qe7 11. a4 exd4 12. Nxd4 a5 13. Ba3 Nc5 14. Rad1 h5 15. h3 Qc7 16. Ndb5 cxb5 17. Nxb5 Qe7 18. Nxd6 {1-0 (29) Drozdovskij,Y (2616)-Golubev,M (2479) Odessa 2018}) 11. Ba3 Nf8 12. Rad1 Bd7 $146 {White is slightly better.} ({Predecessor:} 12... Bf5 13. e4 Bd7 14. Kh1 Rad8 15. f4 exf4 16. gxf4 Ng4 17. Qd3 f5 {1-0 (27) Marta,D (1963)-Tubak,D (1602) Hungary 2013}) 13. dxe5 dxe5 14. Bd6 Qc8 $1 15. e4 Bh3 16. Rfe1 Bxg2 17. Kxg2 Qe6 18. Ng1 b6 19. Nf3 Nh5 20. h3 h6 21. c5 Rad8 22. Bc7 Rxd1 23. Rxd1 bxc5 24. Na4 Qc8 25. Bd6 Ne6 26. Rh1 $36 {[%mdl 2048] Black is under pressure.} ({Much worse is} 26. Nxc5 Nhf4+ 27. gxf4 Nxf4+ 28. Kg1 Qxh3 $11) 26... Nd4 27. Qc4 $1 Rd8 28. Bxc5 Nxf3 29. Kxf3 Rd2 30. Bxa7 Rxa2 31. Be3 Bf8 {[#]} (31... Nf6 $142) 32. Nb6 $1 $16 {[%cal Rb6c8]} Qb7 (32... Qc7 $16) 33. Rc1 Ra3 {[#]} (33... Ng7 $16) 34. Rd1 $1 $18 {[%cal Rd1d7] aiming for Rd7.} c5 $2 (34... Qa6 35. Qxa6 Rxa6) 35. Rd7 {Accuracy: White = 75%, Black = 52%.} 1-0